000 01196 a2200349 4500
001 0000
003 0000
005 20251106113029.0
008 161216s2018 nyu 001 0 eng
010 _a 2016053928
020 _a9780273753469
035 _a19409117
040 _aDLC
_beng
_cDLC
_erda
_dDLC
042 _apcc
050 0 0 _aHG 4026 .B464
082 0 0 _a658.15
_223
100 1 _aBerk, Jonathan B.,
_d1962-
_eauthor.
245 1 0 _aFundamentals of corporate finance /
_cJonathan Berk, Stanford University, Peter DeMarzo, Stanford University, Jarrad Harford, University of Washington.
250 _a2nd. ed.
264 1 _aNew York, NY :
_bPearson,
_c2012
300 _axxviii, 770 pages ;
_c27 cm
336 _atext
_btxt
_2rdacontent
337 _aunmediated
_bn
_2rdamedia
338 _avolume
_bnc
_2rdacarrier
500 _aIncludes index.
650 0 _aCorporations
_xFinance.
700 1 _aDeMarzo, Peter M.,
_eauthor.
700 1 _aHarford, Jarrad V. T.,
_eauthor.
906 _a7
_bcbc
_corignew
_d1
_eecip
_f20
_gy-gencatlg
942 _2lcc
_cBK
999 _c43973
_d43973